00342cam a22001337a 4500008004000000082001600040100002000056245004400076260003200120300001000152500000900162650001800171650001900189180718b1956 xxu||||| |||| 00| 0 eng d aA98x42 M341 aMarkham, Violet aFriendship's harvestcby Violet Markham aLondonbMax Reinhardtc1956 a227p. a25/- aUK - Politics aUK - Biography